000 00588 a2200193 4500
005 20260310112519.0
008 260310b |||||||| |||| 00| 0 eng d
020 _a9789371269643
_cRs. 295.00
040 _aMAIN
082 _a346.5404
_bT199U
100 _aTaxmann
245 _aUnified waqf management empowerment efficiency and development act 1995 (UMEED) with unified waqf management empowerment efficiency and development rules 2025
260 _bTaxmann
_c2025
_aNew Delhi
300 _av.
650 _aLaw
650 _aPrivate Law
650 _aProperty Law
942 _cBK
999 _c396332
_d396332